000 00271nam a2200097Ia 4500
001 689802
005 20250826161804.0
008 250824s9999 xx 000 0 und d
245 0 _aFELATUN BEY İLE RAKIM EFENDİ
_cAHMET MİTHAT EFENDİ
260 _bANTİK DÜNYA KLASİKLERİ
999 _c689802
_d689802